Casa nostra /
I tiakina i:
| Kaituhi matua: | |
|---|---|
| Hōputu: | Pukapuka |
| Reo: | Itāriana |
| I whakaputaina: |
Milano :
Euroclub,
1983
|
| Rangatū: | Varia club ;
46 |
| Ngā marau: | |
| Ngā Tūtohu: |
Kāore He Tūtohu, Me noho koe te mea tuatahi ki te tūtohu i tēnei pūkete!
|
MARC
| LEADER | 00000nam a22000007i 4500 | ||
|---|---|---|---|
| 001 | IT\ICCU\LO1\0396832 | ||
| 003 | ItRI | ||
| 005 | 20260115232237.0 | ||
| 008 | 960404s1983 it |||||| ||||| |||||c | ||
| 040 | |b ita |c importazione bologna sebina | ||
| 041 | 7 | |a ita |2 ISO-639-2 | |
| 082 | |a 853.914 |9 NARRATIVA ITALIANA. 1945- |2 19 | ||
| 100 | 1 | |a Cederna, Camilla, |d (1911-1997) |0 IT\ICCU\CFIV\010358 |4 aut | |
| 240 | 1 | 0 | |a Casa nostra |3 IT\ICCU\LIG\0217108 |9 Cederna, Camilla <1911-1997> |
| 245 | 1 | 0 | |a Casa nostra / |c Camilla Cederna. |
| 260 | |a Milano : |b Euroclub, |c 1983 | ||
| 300 | |a 282 p. ; |c 21 cm | ||
| 650 | 7 | |a SOCIETA' |x Italia |x Sec.20. | |
| 650 | 7 | |a Italia |x Aneddoti |x Sec. 20. |2 scbi | |
| 830 | 0 | |a Varia club ; |v 46 |0 IT\ICCU\CFI\0037168 | |
| 942 | |2 ddc |c BK |n 0 | ||
| 952 | |0 0 |1 0 |4 0 |6 DOC_853_914000000000000_CED |7 0 |9 22748 |a BO |b BO |d 2026-01-15 |i 9911 |l 0 |o DOC 853.914 CED |p BO9911 |r 2026-01-15 23:22:37 |w 2026-01-15 |x [Sebina 5] [1 v.] |y BK |z 1 v. | ||
| 999 | |c 19418 |d 19418 | ||